III Congreso Argentino de Hispanistas : España en América y America en España.
Gespeichert in:
| Format: | Unbekannt |
|---|---|
| Sprache: | Spanish |
| Veröffentlicht: |
Argentina :
Instituto de Filología y Literaturas Hispánicas,
1992.
|
| Schlagworte: | |
| Tags: |
Tag hinzufügen
Keine Tags, Fügen Sie den ersten Tag hinzu!
|
MARC
| LEADER | 000000000a22000000004500 | ||
|---|---|---|---|
| 001 | 010784 | ||
| 020 | |a 9879959523 | ||
| 041 | 0 | |a spa | |
| 082 | 0 | 4 | |a 982.12 |b A837c |
| 245 | 0 | 0 | |a III Congreso Argentino de Hispanistas : |b España en América y America en España. |
| 260 | 1 | |a Argentina : |b Instituto de Filología y Literaturas Hispánicas, |c 1992. | |
| 300 | |a 1027 páginas | ||
| 650 | 4 | |a AMERICA | |
| 650 | 4 | |a OBRAS LITERARIAS | |
| 650 | 4 | |a INTEGRACION CULTURAL | |
| 650 | 4 | |a EXILIO | |
| 650 | 4 | |a ARGENTINA | |
| 650 | 4 | |a AMERICA DEL SUR | |
| 650 | 4 | |a ESPAÑA | |
| 999 | |c 16193 |d 16193 | ||
| 942 | |c BK |h 982.12 A837c |2 z | ||



